000 01051cab a2200181 4500
001 ##L133102
008 060411n2006 000 0 eng u
035 _a(Sirsi) u133102
041 0 _aeng
100 1 _aCallcutt, John
245 0 0 _aHousing Forum review points the way forward
260 _c2006
490 0 _aConstruction News
_v(6950) 30 March 2006, 28(1)
520 _aReports on the launch of a Housing Forum research project, "Delivering a customer driven strategy", which will seek to discover how the house building industry can deliver a product that purchasers want, in the volumes required, and to the necessary social, environmental and quality standards. A number of provisional categories have been adopted including incentivisation of stakeholders, integration of policies and processes, simplification and standardisation of systems and requirements, empowerment of local democracy, and the role of government.
590 _aIKA110406
690 _aBUILT ENVIRONMENT-CONSTRUCTION MANAGEMENT-CONSTRUCTION PLANNING
942 _n0
999 _c76802
_d76802